| 000 | 01283cam a22003852 4500 | ||
|---|---|---|---|
| 999 |
_c8120 _d8120 |
||
| 001 | 8120 | ||
| 003 | BD - JhCC | ||
| 005 | 20180218192303.0 | ||
| 008 | 810428s1981 caua b 000 0 eng | ||
| 020 | _a0803916388 | ||
| 020 | _a0803916396 (pbk.) | ||
| 035 | _a(BD - JhCC)8120 | ||
| 040 |
_aDLC _cDLC _dNLM _dUKM _dEQO _dBD - JhCC |
||
| 041 | _aeng | ||
| 050 | 0 |
_aRA790 _b.K473 |
|
| 060 |
_aW1 SA126M v. 3 _aWM 30 K47c |
||
| 082 | 0 |
_a362.2/04256 _219 _bKET 1981 |
|
| 100 | 1 | _aKetterer, Richard F. | |
| 245 | 1 | 0 |
_aConsultation and education in mental health : _bproblems and prospects / _cRichard F. Ketterer. |
| 260 |
_aBeverly Hills : _bSage Publications, _cc1981. |
||
| 300 |
_a245 p. : _bill. ; _c23 cm. |
||
| 490 | 1 |
_aSage studies in community mental health ; _vv. 3 |
|
| 504 | _aBibliography: 235-244. | ||
| 650 | 0 | _aMental health education. | |
| 650 | 0 | _aMental health consultation. | |
| 650 | 0 |
_aPsychology, Pathological _xPrevention. |
|
| 650 | 0 | _aCommunity mental health services. | |
| 650 | 2 | _aCommunity Mental Health Centers. | |
| 650 | 2 | _aCommunity Mental Health Services. | |
| 650 | 2 |
_aPsychiatry _xeducation. |
|
| 650 | 2 | _aReferral and Consultation. | |
| 830 | 0 |
_aSage studies in community mental health ; _vv. 3 |
|
| 942 |
_2ddc _cBK |
||